000 00512nam a22001817a 4500
003 OSt
005 20260121160508.0
008 260121b |||||||| |||| 00| 0 eng d
020 _a9789370141537
082 _a954.04
_bG15R
100 _aZacharias, H. C. E.
245 _aRenascent india
_b: from rammohan roy to mohandas gandhi
_cBy H. C. E. Zacharias
260 _aDelhi
_bGyan publishing house
_c2025
300 _a304p.
_bPB
653 _aGeneral collection
653 _aMahatma gandhi
942 _2ddc
_cBK
999 _c29020
_d29020